Biblical People Whose Names Begin with N - Statistics

General Stats
  • This quiz has been taken 466 times
    456 since last reset
  • The average score is 6 of 10
Answer Stats
Hint Answer % Correct
Righteous man and ship builder Noah
91%
Prophet who chastised David for his adultery with Bathsheba Nathan
81%
Babylonian king who conquered Jerusalem Nebuchadnezzar
76%
Rebuilt the walls of Jersalem Nehemiah
74%
Minor prophet Nahum
71%
Disciple who recognized Jesus as the son of God Nathanael
59%
Pharisee who visited Jesus at night Nicodemus
59%
Son of Jacob Naphtali
49%
First husband of Abigail Nabal
35%
Jezreelite whose vineyard was coveted by King Ahab Naboth
32%
No matching quizzes found
Score Distribution
Percent of People with Each Score
Percentile by Number Answered
Your Score History
You have not taken this quiz since the last reset